[Event "POR-chT"]
[Site "Ovar"]
[Date "2022.07.20"]
[Round "7.1"]
[White "Loeffler, Stefan"]
[Black "Fernandes, Joao Pedro Murtinho"]
[Result "1-0"]
[WhiteElo "2349"]
[BlackElo "2126"]
[PlyCount "85"]
[EventDate "2022.07.16"]
[EventType "team-tourn"]
[EventRounds "9"]
[EventCountry "POR"]
[SourceTitle "CBM 209 Extra"]
[Source "ChessBase"]
[SourceDate "2022.09.30"]
[SourceVersion "1"]
[SourceVersionDate "2022.09.30"]
[SourceQuality "1"]
[WhiteTeam "Montemor o Velho"]
[BlackTeam "Coimbra"]
[WhiteTeamCountry "POR"]
[BlackTeamCountry "POR"]

1. e4 c5 2. Nf3 e6 3. g3 Nc6 4. Bg2 Nf6 5. d3 d5 6. Nbd2 Be7 7. 0-0 0-0 8. Re1 Re8 9. c3 Qc7 10. a3 b5 11. Nb3 Bb7 12. Bg5 dxe4 13. dxe4 Rad8 14. Qc2 Qb6 15. e5 Nd5 16. Nbd2 h6 17. Bxe7 Ndxe7 18. Ne4 Ng6 19. Nd6 Re7 20. Nxb7 Rxb7 21. a4 a6 22. axb5 axb5 23. h4 Rbd7 24. h5 Nge7 25. Qe4 c4 26. g4 Qc5 27. g5 Nf5 28. gxh6 gxh6 29. Nh2 Rd2 30. Ng4 Nce7 31. Ra8 Rxa8 32. Qxa8+ Kg7 33. Be4 Ng3 34. Kh2 Nxh5 35. Rg1 Ng6 36. Bxg6 fxg6 37. Qb7+ Kh8 38. Qf7 Ng7 39. Ra1 Rd8 40. Ra7 Qf8 41. Qxg6 Qf4+ 42. Kg2 Rg8 43. Nxh6 1-0

[Event "Figueira da Foz op 14th"]
[Site "Figueira da Foz"]
[Date "2020.10.26"]
[Round "4"]
[White "Fernandes, Joao Pedro Murtinho"]
[Black "Silva, Pedro Gil Ferreira"]
[Result "1/2-1/2"]
[WhiteElo "2084"]
[BlackElo "2034"]
[PlyCount "75"]
[EventDate "2020.10.24"]
[EventType "swiss"]
[EventRounds "9"]
[EventCountry "POR"]
[SourceTitle "CBM 199 Extra"]
[Source "ChessBase"]
[SourceDate "2021.01.31"]
[SourceVersion "1"]
[SourceVersionDate "2021.01.31"]
[SourceQuality "1"]

1. e4 c6 2. d4 d5 3. e5 c5 4. dxc5 e6 5. Nf3 Bxc5 6. Bd3 Ne7 7. 0-0 Nbc6 8. Nbd2 Ng6 9. Nb3 Bb6 10. Re1 0-0 11. Be3 Bxe3 12. Rxe3 Qc7 13. Bxg6 hxg6 14. c3 f6 15. Qe2 Bd7 16. Nbd4 Rae8 17. Re1 a6 18. Qd3 Nxe5 19. Nxe5 fxe5 20. Rxe5 Rf6 21. R1e2 Qb6 22. h4 Qd6 23. Qe3 b5 24. a3 a5 25. h5 gxh5 26. Rxh5 Qf4 27. Qxf4 Rxf4 28. Rhe5 Kf7 29. g3 Rf6 30. Nb3 b4 31. axb4 axb4 32. Nd4 bxc3 33. bxc3 Rc8 34. R2e3 Rb8 35. Kg2 Rb6 36. Nf3 Bb5 37. Nd4 Bc4 38. Nf3 1/2-1/2

[Event "Pombal op 11th"]
[Site "Pombal"]
[Date "2020.10.05"]
[Round "7"]
[White "Simoes, Miguel Patricio"]
[Black "Fernandes, Joao Pedro Murtinho"]
[Result "1-0"]
[WhiteElo "1882"]
[BlackElo "2084"]
[PlyCount "57"]
[EventDate "2020.10.02"]
[EventType "swiss"]
[EventRounds "7"]
[EventCountry "POR"]
[SourceTitle "CBM 198 Extra"]
[Source "ChessBase"]
[SourceDate "2020.11.30"]
[SourceVersion "1"]
[SourceVersionDate "2020.11.30"]
[SourceQuality "1"]

1. e4 c5 2. Nf3 d6 3. d4 cxd4 4. Nxd4 Nf6 5. Nc3 a6 6. Bc4 e6 7. Bb3 Nbd7 8. f4 Nc5 9. f5 e5 10. Nf3 Nxb3 11. axb3 Be7 12. Bg5 0-0 13. Qd3 Bd7 14. 0-0-0 Qa5 15. Kb1 Bc6 16. Bxf6 gxf6 17. g4 b5 18. Rhg1 Kh8 19. g5 Rad8 20. Qe3 Qc7 21. g6 fxg6 22. fxg6 Rg8 23. Nh4 Bf8 24. Qf3 h6 25. g7+ Rxg7 26. Qxf6 Qd7 27. Nf5 b4 28. Nxg7 Bxg7 29. Rxg7 1-0

[Event "Lisbon Portugal rapid 2op"]
[Site "Lisbon"]
[Date "2020.02.02"]
[Round "2"]
[White "Fernandes, Joao Pedro Murtinho"]
[Black "Indjic, Aleksandar"]
[Result "0-1"]
[WhiteElo "2095"]
[BlackElo "2622"]
[PlyCount "50"]
[EventDate "2020.01.02"]
[EventType "swiss (rapid)"]
[EventRounds "8"]
[EventCountry "POR"]
[SourceTitle "CBM 194 Extra"]
[Source "ChessBase"]
[SourceDate "2020.03.31"]
[SourceVersion "1"]
[SourceVersionDate "2020.03.31"]
[SourceQuality "1"]

1. e4 c5 2. Nf3 a6 3. Nc3 e6 4. d4 cxd4 5. Nxd4 Qc7 6. Bd3 Nf6 7. 0-0 d6 8. Kh1 Nbd7 9. f4 b5 10. a3 Bb7 11. Qe2 Be7 12. Bd2 h5 13. Rae1 h4 14. Nf3 h3 15. g3 e5 16. b4 Nb6 17. Ra1 Nc4 18. Bxc4 Qxc4 19. Qxc4 bxc4 20. Rfe1 Ng4 21. Nd5 f5 22. Nc7+ Kd7 23. Nxa8 Rxa8 24. fxe5 fxe4 25. exd6 Bf6 0-1

[Event "Lisbon Portugal rapid 2op"]
[Site "Lisbon"]
[Date "2020.02.02"]
[Round "8"]
[White "Fernandes, Joao Pedro Murtinho"]
[Black "Vinagre, Antonio Pedro"]
[Result "0-1"]
[WhiteElo "2095"]
[BlackElo "1885"]
[PlyCount "84"]
[EventDate "2020.01.02"]
[EventType "swiss (rapid)"]
[EventRounds "8"]
[EventCountry "POR"]
[SourceTitle "CBM 194 Extra"]
[Source "ChessBase"]
[SourceDate "2020.03.31"]
[SourceVersion "1"]
[SourceVersionDate "2020.03.31"]
[SourceQuality "1"]

1. e4 e5 2. Nf3 Nc6 3. Bb5 a6 4. Ba4 Nf6 5. 0-0 b5 6. Bb3 Be7 7. Re1 0-0 8. d3 d6 9. c3 Nb8 10. Nbd2 Nbd7 11. Nf1 Nc5 12. Bc2 Bb7 13. Ng3 g6 14. b4 Ne6 15. a4 c5 16. axb5 axb5 17. Rxa8 Qxa8 18. Bb3 Qc8 19. Bb2 Bd8 20. Nf1 Bb6 21. Ne3 Re8 22. Qa1 Nf4 23. Rd1 Ng4 24. Qa2 Nxe3 25. fxe3 c4 26. dxc4 Bxe3+ 27. Kh1 Qg4 28. Bc1 Bxc1 29. Rxc1 Bxe4 30. Rf1 Ra8 31. Qd2 Ra3 32. Bd1 bxc4 33. Rg1 Nd3 34. Nxe5 Qf5 35. Nxd3 Bxd3 36. Qe3 Rxc3 37. Qd4 Qe5 38. Qb6 Rc1 39. b5 c3 40. Qd8+ Kg7 41. b6 c2 42. b7 cxd1Q 0-1

[Event "Lisbon Portugal op"]
[Site "Lisbon"]
[Date "2020.02.01"]
[Round "9"]
[White "Sakthivel, Heamish Kanha"]
[Black "Fernandes, Joao Pedro Murtinho"]
[Result "1/2-1/2"]
[WhiteElo "1584"]
[BlackElo "2099"]
[PlyCount "56"]
[EventDate "2020.01.25"]
[EventType "swiss"]
[EventRounds "9"]
[EventCountry "POR"]
[SourceTitle "CBM 194"]
[Source "ChessBase"]
[SourceDate "2020.01.27"]
[SourceVersion "1"]
[SourceVersionDate "2020.01.27"]
[SourceQuality "1"]

1. e4 c5 2. Nf3 Nc6 3. d4 cxd4 4. Nxd4 Qb6 5. Nxc6 bxc6 6. Bd3 Nf6 7. 0-0 e5 8. c4 Be7 9. Nc3 d6 10. h3 0-0 11. Qe2 Be6 12. Be3 Qb7 13. Rad1 Rad8 14. f4 exf4 15. Bxf4 Nd7 16. b3 Ne5 17. Bc2 Rfe8 18. Qf2 Ng6 19. Bg3 h5 20. Kh1 h4 21. Bh2 Bf6 22. Ne2 Be5 23. Nf4 Nxf4 24. Bxf4 Qe7 25. Qe3 Bf6 26. Qd3 Be5 27. Qe3 Bf6 28. Qd3 Be5 1/2-1/2

[Event "Lisbon Portugal op"]
[Site "Lisbon"]
[Date "2020.01.29"]
[Round "6"]
[White "Fernandes, Joao Pedro Murtinho"]
[Black "Stella, Andrea"]
[Result "0-1"]
[WhiteElo "2099"]
[BlackElo "2465"]
[PlyCount "92"]
[EventDate "2020.01.25"]
[EventType "swiss"]
[EventRounds "9"]
[EventCountry "POR"]
[SourceTitle "CBM 194"]
[Source "ChessBase"]
[SourceDate "2020.01.27"]
[SourceVersion "1"]
[SourceVersionDate "2020.01.27"]
[SourceQuality "1"]

1. e4 c5 2. Nf3 e6 3. d4 cxd4 4. Nxd4 Nc6 5. Nc3 Qc7 6. f4 Nxd4 7. Qxd4 b6 8. Be3 Bb7 9. Be2 Nf6 10. Bf3 Bc5 11. Qd3 Bb4 12. 0-0 Bxc3 13. bxc3 d5 14. exd5 Nxd5 15. f5 0-0-0 16. fxe6 fxe6 17. Bg5 Rd7 18. Rad1 Qc5+ 19. Kh1 Nf6 20. Bxb7+ Kxb7 21. Qf3+ Nd5 22. Qe4 Qxc3 23. Qxe6 Qc6 24. Qe4 h6 25. Bh4 g5 26. Bg3 Rhd8 27. c4 Nf4 28. Rxd7+ Rxd7 29. Qxc6+ Kxc6 30. h4 Rd4 31. hxg5 hxg5 32. Bxf4 gxf4 33. Kh2 Rxc4 34. Rf2 b5 35. Kh3 a5 36. Kg4 b4 37. Kf5 a4 38. Ke5 b3 39. axb3 axb3 40. Rb2 Rb4 41. Ke6 Kc5 42. Ke5 Kc4 43. Rf2 b2 44. Rxf4+ Kc5 45. Rf1 b1Q 46. Rxb1 Rxb1 0-1

[Event "Guimaraes op 3rd"]
[Site "Guimaraes"]
[Date "2019.09.01"]
[Round "7"]
[White "De Prado Rodriguez, Oscar Bruno"]
[Black "Fernandes, Joao Pedro Murtinho"]
[Result "1-0"]
[WhiteElo "2155"]
[BlackElo "2044"]
[PlyCount "57"]
[EventDate "2019.08.28"]
[EventType "swiss"]
[EventRounds "7"]
[EventCountry "POR"]
[SourceTitle "EXT 2020"]
[Source "ChessBase"]
[SourceDate "2019.10.17"]
[SourceVersion "1"]
[SourceVersionDate "2019.10.17"]
[SourceQuality "1"]

1. d4 Nf6 2. Bf4 e6 3. e3 b6 4. Nf3 Bb7 5. Bd3 g6 6. Nbd2 Bg7 7. Qe2 d6 8. e4 Nc6 9. c3 0-0 10. 0-0-0 Na5 11. h4 c5 12. dxc5 bxc5 13. h5 Qb6 14. hxg6 fxg6 15. Ng5 Rab8 16. Nc4 Nxc4 17. Bxc4 d5 18. Bxb8 Rxb8 19. exd5 exd5 20. Bb3 c4 21. Ba4 Bc8 22. Be8 Bf5 23. Bf7+ Kh8 24. Bxd5 Nxd5 25. Rxh7+ Kg8 26. Rxd5 Bxc3 27. Rd8+ Rxd8 28. Qxc4+ Be6 29. Qxc3 1-0

[Event "Guimaraes op 3rd"]
[Site "Guimaraes"]
[Date "2019.08.29"]
[Round "2"]
[White "Fernandes, Joao Pedro Murtinho"]
[Black "Galego, Luis"]
[Result "1/2-1/2"]
[WhiteElo "2044"]
[BlackElo "2506"]
[PlyCount "57"]
[EventDate "2019.08.28"]
[EventType "swiss"]
[EventRounds "7"]
[EventCountry "POR"]
[SourceTitle "EXT 2020"]
[Source "ChessBase"]
[SourceDate "2019.10.17"]
[SourceVersion "1"]
[SourceVersionDate "2019.10.17"]
[SourceQuality "1"]

1. e4 d5 2. exd5 Qxd5 3. Nc3 Qd6 4. d4 Nf6 5. Nf3 a6 6. h3 Nc6 7. Bc4 Bf5 8. 0-0 e6 9. Re1 0-0-0 10. Be3 h6 11. Qe2 Nd5 12. Bxa6 Nxc3 13. bxc3 bxa6 14. Qxa6+ Kd7 15. Rad1 Ke8 16. Bf4 Qd7 17. d5 Nb8 18. Qa5 Bd6 19. g4 Bxc2 20. dxe6 fxe6 21. Rd2 Bg6 22. Ne5 Nc6 23. Nxc6 Qxc6 24. Rxe6+ Kf7 25. Rxg6 Rhe8 26. Qf5+ Kg8 27. Rxg7+ Kxg7 28. Bxh6+ Kxh6 29. Qf6+ 1/2-1/2

[Event "Guimaraes op 3rd"]
[Site "Guimaraes"]
[Date "2019.08.28"]
[Round "1"]
[White "Forgas Moreno, Yaniela"]
[Black "Fernandes, Joao Pedro Murtinho"]
[Result "0-1"]
[WhiteElo "2276"]
[BlackElo "2044"]
[PlyCount "56"]
[EventDate "2019.08.28"]
[EventType "swiss"]
[EventRounds "7"]
[EventCountry "POR"]
[SourceTitle "EXT 2020"]
[Source "ChessBase"]
[SourceDate "2019.10.17"]
[SourceVersion "1"]
[SourceVersionDate "2019.10.17"]
[SourceQuality "1"]

1. e4 c5 2. Nc3 e6 3. g3 Nc6 4. Bg2 Nf6 5. d3 Be7 6. f4 d5 7. e5 Nd7 8. Nf3 b5 9. 0-0 b4 10. Ne2 0-0 11. g4 f6 12. exf6 Nxf6 13. h3 Bd6 14. c4 bxc3 15. bxc3 Ba6 16. Re1 e5 17. fxe5 Nxe5 18. Nf4 Qb8 19. Nxe5 Bxe5 20. Nxd5 Nxd5 21. Bxd5+ Kh8 22. Qc2 Bxc3 23. Re6 Bxa1 24. Bxa8 Qxa8 25. Be3 Bc8 26. Re7 Qf3 27. Qg2 Qd1+ 28. Kh2 Bf6 0-1

[Event "POR CupT qf 41st"]
[Site "Marinha Grande"]
[Date "2019.05.12"]
[Round "3.7"]
[White "Fernandes, Joao Pedro Murtinho"]
[Black "Martins, Jose Manuel Oliveir"]
[Result "1-0"]
[WhiteElo "2046"]
[BlackElo "1521"]
[PlyCount "51"]
[EventDate "2019.01.12"]
[EventType "team-k.o."]
[EventRounds "6"]
[EventCountry "POR"]
[SourceTitle "EXT 2020"]
[Source "ChessBase"]
[SourceDate "2019.10.17"]
[SourceVersion "1"]
[SourceVersionDate "2019.10.17"]
[SourceQuality "1"]
[WhiteTeam "Coimbra"]
[BlackTeam "Sao Miguel"]
[WhiteTeamCountry "POR"]
[BlackTeamCountry "POR"]

1. e4 e6 2. d4 d5 3. Nc3 Nf6 4. Bg5 Bb4 5. exd5 Bxc3+ 6. bxc3 exd5 7. Bd3 h6 8. Bh4 0-0 9. Ne2 Be6 10. 0-0 Nc6 11. Qd2 Re8 12. f4 Bg4 13. Ng3 Qd6 14. Bxf6 Qxf6 15. f5 h5 16. h3 h4 17. hxg4 hxg3 18. g5 Qd6 19. f6 Qe6 20. Rab1 Qg4 21. Qf4 Qxf4 22. Rxf4 Na5 23. Rbf1 gxf6 24. gxf6 Re3 25. Rg4+ Kf8 26. Bh7 1-0

[Event "Figueira da Foz op 12th"]
[Site "Figueira da Foz"]
[Date "2018.11.02"]
[Round "7"]
[White "Fernandes, Joao Pedro Murtinho"]
[Black "Puglia, Francesco"]
[Result "1/2-1/2"]
[WhiteElo "2067"]
[BlackElo "1803"]
[PlyCount "59"]
[EventDate "2018.10.28"]
[EventType "swiss"]
[EventRounds "9"]
[EventCountry "POR"]
[SourceTitle "CBM 187 Extra"]
[Source "ChessBase"]
[SourceDate "2018.11.04"]
[SourceVersion "1"]
[SourceVersionDate "2018.11.04"]
[SourceQuality "1"]

1. e4 c5 2. Nf3 d6 3. d4 cxd4 4. Nxd4 Nf6 5. Nc3 a6 6. h3 e6 7. g4 d5 8. exd5 Nxd5 9. Nde2 h5 10. g5 Bd6 11. Nxd5 exd5 12. Be3 Nc6 13. Qd2 Bf5 14. Nd4 Be4 15. f3 Nxd4 16. Qxd4 Bxf3 17. Qxg7 Bg3+ 18. Kd2 Qa5+ 19. c3 0-0-0 20. Bd3 d4 21. Bxd4 Rhg8 22. Qxf7 Qxg5+ 23. Kc2 Bxh1 24. Rxh1 Qd5 25. Qxd5 Rxd5 26. Bc4 Rxd4 27. cxd4 Rf8 28. Rd1 Rf2+ 29. Kc3 Rf3+ 30. Rd3 1/2-1/2

[Event "Guimaraes 2nd"]
[Site "Guimaraes"]
[Date "2018.10.07"]
[Round "7"]
[White "Martinez Ferreira, Oscar"]
[Black "Fernandes, Joao Pedro Murtinho"]
[Result "0-1"]
[WhiteElo "1752"]
[BlackElo "2067"]
[PlyCount "60"]
[EventDate "2018.10.04"]
[EventType "swiss"]
[EventRounds "7"]
[EventCountry "POR"]
[SourceTitle "CBM 186 Extra"]
[Source "ChessBase"]
[SourceDate "2018.08.24"]
[SourceVersion "1"]
[SourceVersionDate "2018.08.24"]
[SourceQuality "1"]

1. d4 e6 2. c4 c5 3. d5 exd5 4. cxd5 d6 5. Nc3 a6 6. a4 g6 7. e4 Bg7 8. h3 Ne7 9. Nf3 0-0 10. Bd3 Nd7 11. g4 Ne5 12. Nxe5 Bxe5 13. Bh6 Re8 14. Be3 Bd7 15. h4 c4 16. Bxc4 Qc8 17. Qd3 Bxg4 18. f4 Bg7 19. Kd2 Bf3 20. Rh2 b5 21. axb5 axb5 22. Rxa8 Qxa8 23. Bxb5 Qa1 24. Bxe8 Qxb2+ 25. Qc2 Bxc3+ 26. Kd3 Qa3 27. Qxc3 Bxe4+ 28. Kc4 Bxd5+ 29. Kd3 Be4+ 30. Kc4 d5+ 0-1

[Event "Guimaraes 2nd"]
[Site "Guimaraes"]
[Date "2018.10.05"]
[Round "3"]
[White "Herrera Reyes, Jose Antonio"]
[Black "Fernandes, Joao Pedro Murtinho"]
[Result "1-0"]
[WhiteElo "2343"]
[BlackElo "2067"]
[PlyCount "163"]
[EventDate "2018.10.04"]
[EventType "swiss"]
[EventRounds "7"]
[EventCountry "POR"]
[SourceTitle "CBM 186 Extra"]
[Source "ChessBase"]
[SourceDate "2018.08.24"]
[SourceVersion "1"]
[SourceVersionDate "2018.08.24"]
[SourceQuality "1"]

1. Nf3 Nf6 2. g3 b5 3. Bg2 Bb7 4. d3 e6 5. c3 Be7 6. Qb3 a6 7. a4 c6 8. 0-0 0-0 9. e4 d6 10. Re1 Nbd7 11. d4 c5 12. Nfd2 Qb6 13. axb5 axb5 14. Rxa8 Rxa8 15. Na3 cxd4 16. cxd4 b4 17. Ndc4 Qd8 18. Nc2 Bxe4 19. Bxe4 Nxe4 20. d5 Ndc5 21. Qf3 exd5 22. N4e3 Nd3 23. Nxd5 Nxe1 24. Nxe1 Ra1 25. Qxe4 Rxc1 26. Nxe7+ Kf8 27. Nf5 Qe8 28. Qxe8+ Kxe8 29. Kf1 g6 30. Nd4 Rd1 31. Ndc2 b3 32. Na3 Ra1 33. Nb5 Kd7 34. Ke2 Ra5 35. Nd4 Ra4 36. Kd3 Ra1 37. Kd2 f5 38. Nxb3 Rb1 39. Nd3 f4 40. Nbc1 fxg3 41. fxg3 Ra1 42. Ke3 Kc6 43. Kd4 Ra5 44. Nb4+ Kd7 45. Nd5 Ra1 46. Nd3 Rh1 47. h4 Rg1 48. Nf6+ Kc6 49. Ne4 Rd1 50. Ke3 Rb1 51. Nf6 h6 52. Ng8 Rg1 53. Kf3 Rd1 54. Nf2 Rd2 55. Ne7+ Kd7 56. Nxg6 Rxb2 57. Ng4 Rb3+ 58. Kg2 Rb2+ 59. Kh3 h5 60. Nf6+ Ke6 61. Nxh5 Kf5 62. Nhf4 Rb3 63. Ne7+ Kf6 64. Ned5+ Kf5 65. h5 Kg5 66. Nc7 Kh6 67. Kh4 Rb1 68. g4 Rh1+ 69. Kg3 Rg1+ 70. Kf3 Ra1 71. Nce6 Ra3+ 72. Ke4 Ra5 73. g5+ Kh7 74. Nd5 Ra4+ 75. Kf5 Ra5 76. Nef4 Kg7 77. Ke6 Ra1 78. h6+ Kf8 79. Ng6+ Ke8 80. Nf6+ Kd8 81. h7 Re1+ 82. Kf7 1-0

[Event "Famalicao op 6th"]
[Site "Famalicao"]
[Date "2018.07.29"]
[Round "1"]
[White "Duarte, Francisco"]
[Black "Fernandes, Joao Pedro Murtinho"]
[Result "0-1"]
[WhiteElo "1218"]
[BlackElo "2028"]
[PlyCount "58"]
[EventDate "2018.07.29"]
[EventType "swiss"]
[EventRounds "9"]
[EventCountry "POR"]
[SourceTitle "CBM 185 Extra"]
[Source "ChessBase"]
[SourceDate "2018.07.29"]
[SourceVersion "1"]
[SourceVersionDate "2018.07.29"]
[SourceQuality "1"]

1. d4 Nf6 2. c4 e6 3. Nc3 c5 4. e3 Be7 5. Nf3 0-0 6. Bd3 b6 7. 0-0 Bb7 8. b3 d5 9. cxd5 exd5 10. Ba3 Nc6 11. Qc2 a6 12. Rac1 Rc8 13. Qe2 c4 14. Bxh7+ Nxh7 15. Bxe7 Nxe7 16. bxc4 Rxc4 17. Ne5 Rc8 18. Qd3 Nf6 19. f4 b5 20. Rf3 b4 21. Ne2 Rxc1+ 22. Nxc1 Qc7 23. Ne2 Rc8 24. a3 a5 25. axb4 axb4 26. Qb5 Rb8 27. Qxb4 Ba6 28. Qd2 Ne4 29. Qe1 Qc2 0-1

[Event "POR-ch U18"]
[Site "Luso"]
[Date "2018.03.25"]
[Round "3"]
[White "Jorge, Rita Maria Osorio"]
[Black "Fernandes, Joao Pedro Murtinho"]
[Result "0-1"]
[WhiteElo "1960"]
[BlackElo "1955"]
[PlyCount "96"]
[EventDate "2018.03.24"]
[EventType "swiss"]
[EventRounds "7"]
[EventCountry "POR"]
[SourceTitle "EXT 2019"]
[Source "ChessBase"]
[SourceDate "2018.10.10"]
[SourceVersion "1"]
[SourceVersionDate "2018.10.10"]
[SourceQuality "1"]

1. e4 c5 2. Nf3 d6 3. Bb5+ Nd7 4. c3 Ngf6 5. Qe2 a6 6. Ba4 e5 7. 0-0 Be7 8. Rd1 b5 9. Bc2 0-0 10. d4 Qc7 11. a4 Bb7 12. d5 c4 13. Bg5 h6 14. Bh4 Nc5 15. Nbd2 Nh5 16. Bg3 Rfe8 17. Nf1 Bf8 18. N3d2 g6 19. Ne3 Nf4 20. Bxf4 exf4 21. Nef1 Bxd5 22. Qg4 Bc6 23. axb5 axb5 24. Qxf4 Qb7 25. Ng3 d5 26. e5 Bg7 27. Nf3 Nd7 28. Rxa8 Qxa8 29. Re1 Qb8 30. Qg4 Nxe5 31. Nxe5 Rxe5 32. Ra1 Qe8 33. Qd1 h5 34. Nf1 d4 35. cxd4 Rd5 36. Ne3 Rxd4 37. Qe1 Bh6 38. Qc3 Bxe3 39. fxe3 Rg4 40. g3 h4 41. Kf2 Qb8 42. Rg1 Qd6 43. b3 b4 44. Qe1 Qf6+ 45. Ke2 Bf3+ 46. Kd2 Qc3+ 47. Kc1 Qa1+ 48. Bb1 Qa3+ 0-1